000 00250nam a2200109Ia 4500
008 220204s9999 xx 000 0 und d
082 _a001
_bRAD
100 _aRadhakrishnan, S
245 0 _aOur heritage
260 _aDelhi
_bOrient
_c1973
942 _cBK
999 _c38440
_d38440